000 00666nam a2200265Ia 4500
005 20260324152737.0
008 008 260324s9999 xx 000 0 eng d
020 _a9781785481604
037 _aEBOOK
040 _aCRL
040 _beng
040 _cCRL
041 _2eng
041 _aeng
084 _qCRL
100 _aBaghdadi, Nicolas
_91229634
245 0 _aLand Surface Remote Sensing in Urban and Coastal Areas
260 _bElsevier
260 _c2016
650 _aEarth and Planetary Sciences
856 _uhttps://www.sciencedirect.com/science/book/9781785481604
942 _cEBOOK
999 _c1840467
_d1840467